Andorra City Quiz - Statistics

General Stats
  • This quiz has been taken 21 times
  • The average score is 3 of 5
Answer Stats
City % Correct
Andorra la Vella
100%
Encamp
50%
Escaldes-Engordany
43%
La Massana
43%
Sant Julia de Loria
36%
No matching quizzes found
Score Distribution
Percent of People with Each Score
Percentile by Number Answered
Your Score History
You have not taken this quiz